| 000 | 00893nam2a2200253 4500 | ||
|---|---|---|---|
| 001 | RU\NLR\bibl\286266 | ||
| 005 | 20250620141018.0 | ||
| 010 |
_a5-88131-188-8 _91500 |
||
| 021 |
_aRU _b2002-10631 _9527 |
||
| 035 | _a(NLR Aleph) 000281688 | ||
| 090 |
_a1648456 _c1648456 |
||
| 100 | _a20020712d2001 |||y0rusy50 ca | ||
| 101 | 0 | _arus | |
| 102 | _aRU | ||
| 105 | _aa ||||||||| | ||
| 200 | 0 | _aТ. 3 | |
| 210 |
_d2001 _aБ. м. |
||
| 215 |
_a399 с. _cил. |
||
| 461 | 0 |
_1001RU\NLR\bibl\291389 _12001#$aЗаконы Тюменской области (1994-2001)$vТ. 3 _91678676 _aТюменская обл _cТюмень _d2001 _e3-е изд., доп. _nТюмен. обл. Дума _o[В 3-х т.] _tЗаконы Тюменской области (1994-2001) _vТ. 3 |
|
| 801 | 0 |
_aRU _bNLR _c20020712 _gPSBO |
|
| 801 | 1 |
_aRU _bNLR _c20020712 |
|
| 942 | _cBOOK | ||
| 980 | _aNB | ||